00701cam a22002414a 45000010008000000030006000080050017000140080041000310100017000720200027000890200028001160350021001440400018001650420008001830500025001910820017002161000026002332450047002592600044003063000021003505040041003716500047004122630209GBCCL20241126110447.0990322s1999 cau b 000 0 eng  a 99023011  a0830724982 (hardcover) a0830724931 (trade pbk.) a(DLC) 99023011 aDLCcDLCdDLC apcc00aBV4501.2b.H457 199900a243221bHIL1 aHill, Stephen,d1954-10aKnockin' at heaven's door /cStephen Hill. aVentura, Calif. :bRegal Books,cc1999. a178 p. ;c23 cm. aIncludes bibliographical references. 0aChristian lifexAssemblies of God authors.